<?xml version="1.0" encoding="UTF-8"?><?xml-stylesheet type="text/xsl" href="static/style.xsl"?><OAI-PMH xmlns="http://www.openarchives.org/OAI/2.0/" xmlns:xsi="http://www.w3.org/2001/XMLSchema-instance" xsi:schemaLocation="http://www.openarchives.org/OAI/2.0/ http://www.openarchives.org/OAI/2.0/OAI-PMH.xsd"><responseDate>2026-06-02T12:04:38Z</responseDate><request verb="GetRecord" identifier="oai:riuma.uma.es:10630/41456" metadataPrefix="marc">https://riuma.uma.es/rest/oai/request</request><GetRecord><record><header><identifier>oai:riuma.uma.es:10630/41456</identifier><datestamp>2026-02-03T11:15:34Z</datestamp><setSpec>com_10630_2254</setSpec><setSpec>col_10630_37953</setSpec></header><metadata><record xmlns="http://www.loc.gov/MARC21/slim" xmlns:dcterms="http://purl.org/dc/terms/" xmlns:doc="http://www.lyncode.com/xoai" xmlns:xsi="http://www.w3.org/2001/XMLSchema-instance" xsi:schemaLocation="http://www.loc.gov/MARC21/slim http://www.loc.gov/standards/marcxml/schema/MARC21slim.xsd">
   <leader>00925njm 22002777a 4500</leader>
   <datafield ind2=" " ind1=" " tag="042">
      <subfield code="a">dc</subfield>
   </datafield>
   <datafield ind2=" " ind1=" " tag="720">
      <subfield code="a">Gómez-Jiménez, María Luisa</subfield>
      <subfield code="e">author</subfield>
   </datafield>
   <datafield ind2=" " ind1=" " tag="260">
      <subfield code="c">2025-01</subfield>
   </datafield>
   <datafield ind2=" " ind1=" " tag="520">
      <subfield code="a">The emergence of new artificial intelligence (AI) legislation compels a re-evaluation of classic administrative law principles, moving beyond mere digitalization or e-administration. This article examines the impact of AI-driven automation in public administrations, through the lens of a specific legal construct: the Spanish doctrine of administrative silence. By juxtaposing this traditional legal concept with automated procedures, the analysis highlights the inherent contradictions that arise from the use of software in public governance. It questions whether the opacity in algorithmic decision-making might erode the very values that administrative law seeks to uphold. In response, this paper proposes a novel doctrinal framework termed: ‘Algorithmic Good Administration’. This framework is presented as an essential evolution in European Administrative law, designed to manage the transition towards full procedural automation while safeguarding fundamental legal values. Ultimately, ‘Algorithmic Good Administration’ offers a pathway to resolve the efficiency paradox, ensuring that technological advancement reinforces rather than undermines democratic principles.</subfield>
   </datafield>
   <datafield ind1="8" ind2=" " tag="024">
      <subfield code="a">Gómez Jiménez, M.L (2024), The efficiency paradox  from the new algorithmic  administrative silence. European Review of Digital Administrative Law, 5(2), 125-141</subfield>
   </datafield>
   <datafield ind1="8" ind2=" " tag="024">
      <subfield code="a">https://hdl.handle.net/10630/41456</subfield>
   </datafield>
   <datafield ind1="8" ind2=" " tag="024">
      <subfield code="a">10.53136/979122182045412</subfield>
   </datafield>
   <datafield tag="653" ind2=" " ind1=" ">
      <subfield code="a">Silencio (Derecho) - España</subfield>
   </datafield>
   <datafield tag="653" ind2=" " ind1=" ">
      <subfield code="a">Administración digital - España</subfield>
   </datafield>
   <datafield ind2="0" ind1="0" tag="245">
      <subfield code="a">The efficiency paradox  from the new algorithmic administrative silence</subfield>
   </datafield>
</record>
</metadata></record></GetRecord></OAI-PMH>